It looks like you're offline.
Open Library logo
additional options menu

MARC record from Internet Archive

LEADER: 03149cam 2200541Ia 4500
001 ocn745979138
003 OCoLC
005 20190930143221.0
008 110805s2012 nyua 001 0 eng d
040 $aBTCTA$beng$cBTCTA$dJBU$dBDX$dMVP$dVP@$dAZFX8$dABG$dNTD$dOCLCF$dOCLCO$dYOL$dOCL$dOCLCO$dOCLCQ$dCHILD$dQQ3$dJDP
019 $a1003781875
020 $a9780764147005
020 $a0764147005
035 $a(OCoLC)745979138$z(OCoLC)1003781875
050 4 $aHB172$b.M87 2012
082 04 $a330.076$223
100 1 $aMusgrave, Frank.
245 10 $aBarron's AP microeconomics, macroeconomics /$cFrank Musgrave, Elia Kacapyr.
246 30 $aAP microeconomics, macroeconomics
250 $a4th ed.
260 $aHauppauge, NY :$bBarron's Educational Series,$c2012.
300 $aix, 350 pages :$billustrations ;$c28 cm
336 $atext$btxt$2rdacontent
337 $aunmediated$bn$2rdamedia
338 $avolume$bnc$2rdacarrier
500 $aIncludes index.
505 0 $aThe AP exams in microeconomics and macroeconomics -- The discipline of economics -- Economic systems -- Microeconomics. Barron's essential 5 ; Demand and supply : the basics ; Applications of demand and supply : elasticity ; theory of consumer choice or behavior ; Government and public sector : market failure, rents, externalities, public goods, efficiency ; Costs, production, supply ; Product markets : types, characteristics, pricing strategies ; Perfect competition ; Monopoly ; Imperfect competition : monopolistic competition, oligopoly ; Resource markets with applications to labor ; Model AP exam in microeconomics -- Macroeconomics. Barron's essential 5 ; The national economic accounts ; Inflation and unemployment ; Aggregate supply and aggregate demand ; Fiscal policy ; Money and banking ; Monetary policy ; Economic growth ; International trade and exchange ; Model AP exam in macroeconomics.
520 $aReviews topics covered on the test, offers tips on test-taking strategies, and includes two full-length practice tests.
650 0 $aMicroeconomics$vExaminations, questions, etc.
650 0 $aMacroeconomics$vExaminations, questions, etc.
650 0 $aAdvanced placement programs (Education)$xExaminations$vStudy guides.
650 7 $aAdvanced placement programs (Education)$xExaminations.$2fast$0(OCoLC)fst00797421
650 7 $aMacroeconomics.$2fast$0(OCoLC)fst01005221
650 7 $aMicroeconomics.$2fast$0(OCoLC)fst01019730
650 7 $aAdvanced placement programs (Education)$2sears
650 7 $aMacroeconomics$xExaminations$vStudy guides.$2sears
650 7 $aMicroeconomics$xExaminations$vStudy guides.$2sears
650 7 $aCollege entrance achievement tests$vStudy guides.$2sears
655 7 $aExaminations.$2fast$0(OCoLC)fst01423780
655 7 $aStudy guides.$2fast$0(OCoLC)fst01423888
655 4 $aNonfiction.
655 7 $aExaminations.$2lcgft
700 1 $aKacapyr, Elia,$d1956-
938 $aBrodart$bBROD$n100109225$c$16.99
938 $aBaker and Taylor$bBTCP$nBK0010075512
938 $aChildren's Plus, Inc.$bCHIL$n1738957
994 $aZ0$bP4A
948 $hNO HOLDINGS IN P4A - 47 OTHER HOLDINGS